00426nam a22001337a 4500003000200000005001700002008004100019050002200060100003000082245008900112260005700201300001800258500001600276020231107130525.0231107b xxu||||| |||| 00| 0 eng d aRJ 499b.M36 2023 aMangubat, Ethan Godwin A. aDepression and hopelessness among unhappy Filipino adultscMangubat, Ethan Godwin A. bSouthville International School and Collegescc2023. a346 p.c28cm. aDepression.